000 00641nam a2200277Ia 4500
005 20260324144932.0
008 008 260324s9999 xx 000 0 eng d
020 _a9781315730318
037 _aEBOOK
040 _aCRL
040 _beng
040 _cCRL
041 _2eng
041 _aeng
084 _qCRL
100 _aDouglas W. Bethlehem
_91221146
245 2 _aA Social Psychology of Prejudice
260 _bTaylor and Francis
260 _c1985
365 _a
365 _b145
856 _uhttp://www.taylorfrancis.com/books/9781315730318
942 _cEBOOK
999 _c1828391
_d1828391